书目信息 |
| 题名: |
橡胶硫化工
|
|
| 作者: | 蒋亿 编著 | |
| 分册: | ||
| 出版信息: | 北京 化学工业出版社 2009.03 |
|
| 页数: | 255页 | |
| 开本: | 26cm | |
| 丛书名: | ||
| 单 册: | ||
| 中图分类: | TQ330.6 | |
| 科图分类: | ||
| 主题词: | 硫化(橡胶)--技术培训--教材 | |
| 电子资源: | ||
| ISBN: | 978-7-122-04130-2 | |
| 000 | 00863nam0 2200253 450 | |
| 001 | 012009028399 | |
| 005 | 20140609085141.23 | |
| 010 | @a978-7-122-04130-2@dCNY32.00 | |
| 100 | @a20090314d2009 ekmy0chiy0110 ea | |
| 101 | 0 | @achi |
| 102 | @aCN@b110000 | |
| 105 | @aak z 000yy | |
| 106 | @ar | |
| 200 | 1 | @a橡胶硫化工@9xiang jiao liu hua gong@f蒋亿编著 |
| 210 | @a北京@c化学工业出版社@d2009.03 | |
| 215 | @a255页@c图@d26cm | |
| 300 | @a国家职业资格证书培训教程 橡胶加工系列 | |
| 304 | @a化学工业职业技能鉴定指导中心组织编写 | |
| 330 | @a本书介绍了橡胶硫化的基本原理、轮胎硫化、胶管硫化、模型制品硫化、胶鞋硫化及硫化工艺方法、常见硫化设备的基本知识和基本结构及使用和维护等内容。 | |
| 606 | 0 | @a硫化(橡胶)@x技术培训@j教材 |
| 690 | @aTQ330.6@v4 | |
| 701 | 0 | @a蒋亿@9jiang yi@4编著 |
| 801 | 0 | @aCN@bRENTIAN@c20090314 |
| 905 | @b548408-11@dTQ330.6@e7@f4 | |
| 橡胶硫化工/蒋亿编著.-北京:化学工业出版社,2009.03 |
| 255页:图;26cm |
| 国家职业资格证书培训教程 橡胶加工系列 |
| ISBN 978-7-122-04130-2:CNY32.00 |
| 本书介绍了橡胶硫化的基本原理、轮胎硫化、胶管硫化、模型制品硫化、胶鞋硫化及硫化工艺方法、常见硫化设备的基本知识和基本结构及使用和维护等内容。 |
| ● |
| 相关链接 |
|
|
|
|
正题名:橡胶硫化工
索取号:TQ330.6/7
 
预约/预借
| 序号 | 登录号 | 条形码 | 馆藏地/架位号 | 状态 | 备注 |
| 1 | 548408 | 205484082 | 第二样本阅览室/ [索取号:TQ330.6/7] | 在馆 | |
| 2 | 548409 | 205484091 | 第三借阅区/ [索取号:TQ330.6/7] | 在馆 | |
| 3 | 548410 | 205484108 | 第三借阅区/ [索取号:TQ330.6/7] | 在馆 | |
| 4 | 548411 | 205484117 | 密集书库-化学系/ [索取号:TQ330.6/7] | 在馆 |